|
|
|
|
| LEADER |
00000nam#a22000001ab4500 |
| 001 |
00002281 |
| 003 |
AR-BaUAD |
| 005 |
20230908141145.0 |
| 008 |
941003s1946####mx#||||##||||||||#||spa|d |
| 040 |
|
|
|a AR-BaUAD
|b spa
|c AR-BaUAD
|
| 041 |
|
|
|a spa
|
| 044 |
|
|
|c mx
|2 ISO3166-1
|
| 100 |
1 |
|
|a Gregorivius, Ferdinand
|
| 245 |
1 |
0 |
|a Roma y Atenas en la Edad Media y otros ensayos /
|c prólogo y traducción de Wenceslao Roces
|
| 260 |
|
|
|a México :
|b Fondo de Cultura económica,
|c 1946
|
| 300 |
|
|
|a 417 p. :
|b láms. fuera de texto
|
| 490 |
|
|
|a Sección de obras de historia
|
| 653 |
|
|
|a HISTORIA
|
| 653 |
|
|
|a EDAD MEDIA
|
| 653 |
|
|
|a ITALIA
|
| 653 |
|
|
|a ROMA
|
| 653 |
|
|
|a GRECIA
|
| 653 |
|
|
|a ATENAS
|
| 655 |
|
|
|a TEXTO
|
| 852 |
|
|
|c 40-5
|
| 952 |
|
|
|0 0
|1 0
|4 0
|6 405
|7 0
|9 21364
|a AR-BaUAD
|b AR-BaUAD
|d 0000-00-00
|e compra
|g 10.00
|i 228
|l 0
|o 40-5
|p mp8fr228
|r 2023-09-08 14:11:45
|w 2023-09-08
|y BK
|
| 952 |
|
|
|0 0
|1 0
|4 0
|7 0
|9 21365
|a AR-BaUAD
|b AR-BaUAD
|d 0000-00-00
|e compra Ateneo
|l 0
|p lwvt3
|r 2023-09-08 14:11:45
|w 2023-09-08
|y BK
|
| 990 |
|
|
|a Ej. No1 : 228 . 8/9/1948 -- compra (10 pesos).
|b ADM
|
| 990 |
|
|
|a Ej. No2 : 31/12/1956 -- compra Ateneo -- (80,50 pesos).
|b ADM
|
| 990 |
|
|
|a H194
|b TD
|
| 990 |
|
|
|a AAQ00002281
|b CC
|
| 998 |
|
|
|a AAQ
|b Bibun 76
|
| 942 |
|
|
|c BK
|
| 999 |
|
|
|c 9081
|d 9081
|